| 000 | 01082cam a22002054a 4500 | ||
|---|---|---|---|
| 005 | 20250605164222.0 | ||
| 008 | 250528s ||||||||||||||||||||||||d | ||
| 035 | _a20731 | ||
| 020 | _a393310728 | ||
| 040 |
_aGR-AtMCL _bgre _dGR-AtMCL _eAACR2 |
||
| 245 | 1 | _aHow to Lie with Statistics | |
| 260 |
_bW.W. Norton & Company, _c1993 |
||
| 300 | _a142 | ||
| 520 | _aThe writer runs the gamut of every popularly used type of statistic, probes such things as the sample study, the tabulation method, the interview technique, or the way the results are derived from the figures, and points up the countless number of dodges which are used to fool rather than inform. Acknowledgements, Introduction, The Sample with the Built-in Bias, The Well-Chosen Average, The Little Figures that are not There, Much Ado about Practically Nothing, The Gee-Whiz Graph, The Semi attached Figure, Post Hoc Rides Again, How to Statisticulate, How to Talk Back to a Statistic. | ||
| 700 | 1 |
_aGeis Irving _96695 |
|
| 700 | 1 |
_aHuff Darrell _96696 |
|
| 942 | _cBK | ||
| 999 |
_c5816 _d5816 |
||